Normal view
MARC view
Entry Personal Name
001 - CONTROL NUMBER
- control field: 37120
003 - CONTROL NUMBER IDENTIFIER
- control field: OSt
005 - DATE AND TIME OF LATEST TRANSACTION
- control field: 20160206143715.0
008 - FIXED-LENGTH DATA ELEMENTS
- fixed length control field: 160206|| aca||aabn | a|a d
040 ## - CATALOGING SOURCE
- Original cataloging agency: OSt
- Transcribing agency: OSt
100 ## - HEADING--PERSONAL NAME
- Personal name: खण्ड दितीय
670 ## - SOURCE DATA FOUND
- Source citation: Work cat.: (OSt)27099: खण्ड दितीय , ब्रहम्सूत्र , 1974









